Idiómy v marketingovej komunikácii

Problematika idiomatických slovných spojení, ktoré sa vyskytujú v marketingovej komunikácii v anglickom jazyku.

Na minha lista:
Detalhes bibliográficos
Autor principal: Maierová, Eva, 1965-
Formato: Capítulo de Livro
Idioma:eslovaco
Assuntos:
Tags: Adicionar Tag
Sem tags, seja o primeiro a adicionar uma tag!

MARC

LEADER 00000naa a2200000 4500
001 0250174
005 20250507080455.6
041 0 |a slo 
044 |a SK 
245 1 0 |a Idiómy v marketingovej komunikácii  |c Eva Maierová 
520 |a Problematika idiomatických slovných spojení, ktoré sa vyskytujú v marketingovej komunikácii v anglickom jazyku. 
610 2 0 |a angličtina 
610 2 0 |a komunikácia marketingová 
610 2 0 |a marketing 
610 2 0 |a reklama 
610 2 0 |a frazeológia 
100 1 |a Maierová, Eva, 1965-